MARC

LEADER 00000nab a2200000 ar4500
001 vtls010274743
003 SK-MaSNL
005 20260426105529.0
008 110429c2008 xo |r|p|||| |100 b|slo
015 |a SNBRA2011/04 
038 |a SVKPOCL 
040 |a SVKPO  |b slo  |c SVKPO  |e AACR2 
041 |a slo  |b eng  |b rus 
044 |a xo  |c SK 
080 |a 314.743(=161.1/.2)(437.671):061.3  |2 2001 
080 |a 81'1-051  |2 2001  |2 2001 
080 |a (048.8)  |2 2001 
100 1 |a Šelepec, Jozef,  |d 1938-  |4 aut  |9 109491 
245 1 0 |a Aleksandr Dmitrijevič Grigor'jev a jeho emigrantské práce  |c Jozef Šelepec 
500 |a Materiály z medzinárodnej vedeckéj konferencie Osobnosti ruskej a ukrajinskej emigrácia na východnom Slovensku, ktorá sa konala na FF PU v Prešove v dňoch 8.-10.11.2007. 
504 |a Bibliogr. odkazy 
546 |a Resumé angl. a rus. 
600 1 7 |a Grigor'jev, Aleksandr Dmitrijevič  |d 1874-1945  |2 svkpocl  |9 1624953 
610 2 7 |a Štátna vedecká knižnica v Prešove  |2 svkpocl  |9 252340 
610 2 7 |a Prešovská univerzita v Prešove.  |b Filozofická fakulta  |2 svkpocl  |9 179573 
611 2 7 |a Osobnosti ruskej a ukrajinskej emigrácia na východnom Slovensku  |g konferencia  |d (2007 :  |c Prešov, Slovensko)  |2 svkpocl  |9 1624964 
630 0 7 |a Osobnosti ruskej a ukrajinskej emigrácia na východnom Slovensku (zborník)  |2 snkbucl  |9 1624965 
648 7 |a 8.-10.11.2007  |2 svkpocl  |9 1624615 
650 0 7 |a Rusi  |2 svkpocl  |9 26608 
650 0 7 |a emigrácia  |2 svkpocl  |9 3822 
650 0 7 |a konferencie  |2 svkpocl  |9 19221 
650 0 7 |a lingvisti  |2 svkpocl  |9 119182 
651 7 |a Slovensko východné  |2 svkpocl  |9 161134 
655 7 |a štúdie  |2 svkpocl  |9 57033 
773 0 |a Harbuľová, Ľ., Ňachajová, M., Babotová, Ľ.  |t Osobnosti ruskej a ukrajinskej emigrácia na východnom Slovensku  |d Prešov : Štátna vedecká knižnica, 2008  |g S. 127-130  |z 9788085734744 
852 |a SVKPO  |b KIS3GCP 
958 |a UK 
958 |a SK 
958 |a RU 
958 |a NB 
999 |c 3353708  |d 3355638